00366 a2200109 4500001001000000005001700010008004100027245007500068100002100143773007500164999001700239ART_6089620260410161823.0260409a 10aLa denuncia penal sustentada por una determinación de oficio viciada1 aVega, Gerardo E.0 tDoctrina Penal Tributaria y Económicag- N° 72 (jun. 2024)wREV4317 c22557d22557